00555 2200205 4500001002100000005001700021008004100038035002400079090001800103100002700121245007400148250001000222260003100232300002200263650001500285850001500300980001300315985000600328999001500334YOGYA-0209000004815720090227031856.0 ind  0010-020900000048157 a110bAli PlT aALISYAHBANA, S. Takdir aPembimbing ke filsafat metafisikacdisusun oleh S. Takdir Alisyahbana aCet.4 aJakartabDean Rakyatc1977 axi, 83 hlmc21 cm aMetafisika aYOPDYOG(M) a10-10-07 a1 aP000010063